| 000 | 01795cam a2200481 a 4500 | ||
|---|---|---|---|
| 999 |
_c517 _d517 |
||
| 001 | .b1552324x | ||
| 003 | OCoLC | ||
| 005 | 20191223110250.0 | ||
| 008 | 120418s2012 nyu d 000 1 eng | ||
| 010 | _a2012011392 | ||
| 020 | _a9781454903567 | ||
| 035 | _a(OCoLC)754725105 | ||
| 040 |
_aDLC _beng _cDLC _dBTCTA _dBDX _dGK8 _dIEB _dVHP _dTXA |
||
| 042 | _anbic | ||
| 043 | _aa-ii--- | ||
| 082 | _aFIC HOU | ||
| 100 | 1 |
_aHouck, Colleen. _eauthor |
|
| 245 | 1 | 0 |
_aTiger's destiny / _cby Colleen Houck. |
| 260 |
_aNew York : _bSplinter, an imprint of Sterling Publishing, _c2015. ©2012. |
||
| 300 |
_a449 pages ; _c22 cm. |
||
| 440 |
_aTiger saga ; _nbk 4. |
||
| 500 | _aIncludes discussion guide. | ||
| 520 | _aKelsey, Ren, and Kishan race against time and the evil sorcerer Lokesh on the Andaman Islands in the Bay of Bengal as they seek Durga's final gift, the Rope of Fire, that will finally break the tiger's curse. | ||
| 650 | 1 |
_aTiger _vFiction. |
|
| 650 | 1 |
_aBlessing and cursing _vFiction. |
|
| 650 | 1 |
_aAmnesia _vFiction. |
|
| 650 | 1 |
_aDating (Social customs) _vFiction. |
|
| 650 | 1 |
_aImmortality _vFiction. |
|
| 650 | 1 |
_aOrphans _vFiction. |
|
| 650 | 7 |
_aJUVENILE FICTION / Fantasy & Magic. _2bisacsh. |
|
| 650 | 0 |
_aTiger _vJuvenile fiction. |
|
| 650 | 0 |
_aBlessing and cursing _vJuvenile fiction. |
|
| 650 | 0 |
_aAmnesia _vJuvenile fiction. |
|
| 650 | 0 |
_aDating (Social customs) _vJuvenile fiction. |
|
| 650 | 0 |
_aImmortality _vJuvenile fiction. |
|
| 650 | 0 |
_aOrphans _vJuvenile fiction. |
|
| 651 | 1 |
_aAndaman and Nicobar Islands (India) _vFiction. |
|
| 651 | 1 |
_aIndia _vFiction. |
|
| 651 | 0 |
_aAndaman and Nicobar Islands (India) _vJuvenile fiction. |
|
| 651 | 0 |
_aIndia _vJuvenile fiction. |
|
| 800 | 1 |
_aHouck, Colleen. _tTiger's curse series ; _v4. |
|
| 942 |
_2ddc _cFIC |
||